|
|
|
|
| LEADER |
01324nam a2200277 a 4500 |
| 001 |
GR-Patra21624 |
| 008 |
070517s2006 gr g b 001 0 eng d |
| 952 |
|
|
|0 0
|1 0
|2 ddc
|4 0
|6 616_855000000000000_DWI
|7 0
|9 301939
|a LISK
|b LISK
|c BSC
|d 2021-01-17
|e 24
|f 1
|g 0.00
|l 0
|o 616.855 DWI
|p 92410031432
|r 2021-01-17 00:00:00
|t 1
|w 2021-01-17
|y BK15
|x 20070517 0 1
|x GrPaTEI
|
| 952 |
|
|
|0 0
|1 0
|2 ddc
|4 0
|6 616_855000000000000_DWI
|7 0
|9 301940
|a LISK
|b LISK
|c BSC
|d 2021-01-17
|e 24
|f 0
|g 0.00
|l 1
|m 1
|o 616.855 DWI
|p 92410031433
|r 2023-12-13 00:00:00
|s 2023-11-03
|t 1
|v 2021.00
|w 2021-01-17
|y BK15
|x 20070517 0 0
|x GrPaTEI
|
| 999 |
|
|
|c 175515
|d 175515
|
| 020 |
|
|
|a 1597560022
|
| 040 |
|
|
|a GrPaTEI
|b gre
|c GR-PaULI
|
| 040 |
|
|
|a GrPaTEI
|b gre
|c GR-PaULI
|
| 082 |
|
0 |
|a 616.855
|2 21
|
| 100 |
1 |
|
|a Dwight, Debra M.
|
| 245 |
1 |
0 |
|a Here's how to do therapy :
|b Hands-on core skills in speech-language pathology /
|c Debra M. Dwight.
|
| 260 |
|
|
|a San Diego :
|b Prural publishing,
|c 2006
|
| 300 |
|
|
|a xi, 329 σ. :
|b πίν. +
|e 1 videodisc (dvd)
|
| 504 |
|
|
|a Περιλαμβάνει βιβλιογραφίες και ευρετήριο.
|
| 650 |
|
0 |
|a Language disorders
|
| 650 |
|
0 |
|a SPEECH DISORDERS
|
| 650 |
|
0 |
|a SPEECH THERAPY
|
| 650 |
|
4 |
|a ΔΙΑΤΑΡΑΧΕΣ ΛΟΓΟΥ
|
| 650 |
|
4 |
|a Διαταραχές λόγου
|x Θεραπεία
|
| 710 |
0 |
|
|a Plural Publishing
|
| 942 |
|
|
|2 ddc
|c BK15
|